Informal Entrepreneurship and Cross-Border Trade in Maputo, Mozambique /
This report presents the results of a SAMP survey of informal entrepreneurs connected to cross-border trade between Johannesburg and Maputou during 2014. The study sought to enhance the evidence base on the links between migration and informal entrepreneur-ship in Southern African cities and to exam...
| Clasificación: | Libro Electrónico |
|---|---|
| Autores principales: | , |
| Formato: | Electrónico eBook |
| Idioma: | Inglés |
| Publicado: |
Baltimore, Maryland :
Project Muse,
2017
|
| Colección: | Migration policy series ;
no. 73. Book collections on Project MUSE. |
| Temas: | |
| Acceso en línea: | Texto completo |
MARC
| LEADER | 00000cam a22000004a 4500 | ||
|---|---|---|---|
| 001 | musev2_50484 | ||
| 003 | MdBmJHUP | ||
| 005 | 20230905045211.0 | ||
| 006 | m o d | ||
| 007 | cr||||||||nn|n | ||
| 008 | 170309s2016 onc o 00 0 eng d | ||
| 020 | |a 9781920596248 | ||
| 020 | |z 9781920596200 | ||
| 035 | |a (OCoLC)975232234 | ||
| 040 | |a MdBmJHUP |c MdBmJHUP | ||
| 043 | |a f-mz---af-sa--- | ||
| 050 | 4 | |a HD2346.M852 |b R355 2016 | |
| 100 | 1 | |a Raimundo, Inês Macamo, |d 1962- |e author. | |
| 245 | 1 | 0 | |a Informal Entrepreneurship and Cross-Border Trade in Maputo, Mozambique / |c Inês Raimundo and Abel Chikanda. |
| 264 | 1 | |a Baltimore, Maryland : |b Project Muse, |c 2017 | |
| 264 | 3 | |a Baltimore, Md. : |b Project MUSE, |c 2017 | |
| 264 | 4 | |c ©2017 | |
| 300 | |a 1 online resource (58 pages): |b illustrations. | ||
| 336 | |a text |b txt |2 rdacontent | ||
| 337 | |a computer |b c |2 rdamedia | ||
| 338 | |a online resource |b cr |2 rdacarrier | ||
| 490 | 0 | |a SAMP migration policy series ; |v no. 73 | |
| 500 | |a Issued as part of book collections on Project MUSE. | ||
| 504 | |a Includes bibliographical references (pages 46-49). | ||
| 505 | 0 | |a Executive summary -- Introduction -- Research methodology -- Profile of respondents -- Entrepreneurial motivation -- Business start-up and ownership -- Business strategies -- Contributions to the South African economy -- Business challenges -- Conclusion. | |
| 506 | |a Access restricted to authorized users and institutions. | ||
| 520 | |a This report presents the results of a SAMP survey of informal entrepreneurs connected to cross-border trade between Johannesburg and Maputou during 2014. The study sought to enhance the evidence base on the links between migration and informal entrepreneur-ship in Southern African cities and to examine the implications for municipal, national and regional policy. | ||
| 588 | |a Description based on print version record. | ||
| 650 | 0 | |a Informal sector (Economics) |z South Africa |z Johannesburg. | |
| 650 | 0 | |a Informal sector (Economics) |z Mozambique |z Maputo. | |
| 651 | 0 | |a Johannesburg (South Africa) |x Commerce |z Zimbabwe |z Maputo. | |
| 651 | 0 | |a Maputo (Mozambique) |x Commerce |z South Africa |z Johannesburg. | |
| 655 | 7 | |a Electronic books. |2 local | |
| 700 | 1 | |a Chikanda, Abel, |e author. | |
| 710 | 2 | |a Project Muse, |e distributor. | |
| 776 | 1 | 8 | |i Print version: |z 9781920596200 |
| 710 | 2 | |a Project Muse. |e distributor | |
| 830 | 0 | |a Migration policy series ; |v no. 73. | |
| 830 | 0 | |a Book collections on Project MUSE. | |
| 856 | 4 | 0 | |z Texto completo |u https://projectmuse.uam.elogim.com/book/50484/ |
| 945 | |a Project MUSE - Custom Collection | ||
| 945 | |a Project MUSE - 2017 Complete | ||
| 945 | |a Project MUSE - 2017 Political Science and Policy Studies | ||
| 945 | |a Project MUSE - 2017 African Studies | ||


